Central Library OPAC University of Rajshahi

Bangladesh population census, 1991 = বাংলাদেশ আদমশুমারী, ১৯৯১ : (Record no. 62288)

MARC details
000 -LEADER
fixed length control field 01532nam a2200313 a 4500
001 - CONTROL NUMBER
control field 62288
003 - CONTROL NUMBER IDENTIFIER
rucl marc code BD-RjUL
005 - DATE AND TIME OF LATEST TRANSACTION
control field 20211209081050.0
008 - FIXED-LENGTH DATA ELEMENTS--GENERAL INFORMATION
fixed length control field 170214s1993 bg a o eng |
020 ## - INTERNATIONAL STANDARD BOOK NUMBER
International Standard Book Number 9845080634
Terms of availability : Complimentary
International Standard Book Number 9845080634
Terms of availability : Tk. 400.00 (Inland)
035 ## - SYSTEM CONTROL NUMBER
System control number (BD-RjUL)62414
040 ## - CATALOGING SOURCE
Original cataloging agency ANL
Language of cataloging eng
Modifying agency ANL
Transcribing agency BD-RjUL
041 ## - LANGUAGE CODE
Language code of text/sound track or separate title eng
082 ## - DEWEY DECIMAL CLASSIFICATION NUMBER
Edition number 23
Classification number 304.6095492021
Author mark and year RAS 1993 (CS)
110 ## - MAIN ENTRY--CORPORATE NAME
Corporate name or jurisdiction name as entry element Bangladesh Bureau of Statistics
9 (RLIN) 179266
245 10 - TITLE STATEMENT
Title Bangladesh population census, 1991 = বাংলাদেশ আদমশুমারী, ১৯৯১ :
Remainder of title Community series, Zila: Rajshahi = কমিউনিটি সিরিজ, জেলা: রাজশাহী /
Statement of responsibility, etc. Bangladesh Bureau of Statistics
246 ## - VARYING FORM OF TITLE
Title proper/short title বাংলাদেশ আদমশুমারী, ১৯৯১ :
Remainder of title কমিউনিটি সিরিজ, জেলা: রাজশাহী
260 ## - PUBLICATION, DISTRIBUTION, ETC. (IMPRINT)
Place of publication, distribution, etc. Dhaka, :
Name of publisher, distributor, etc. Bangladesh Bureau of Statistics,
Date of publication, distribution, etc. 1993
300 ## - PHYSICAL DESCRIPTION
Pagination xiv, 337 p. :
Illustrations ill ;
Size 28 cm.
490 ## - SERIES STATEMENT
Series statement Community series, Zila: Rajshahi
Series statement কমিউনিটি সিরিজ, জেলা: রাজশাহী
500 ## - GENERAL NOTE
General note Prefatory matter in Bengali and English.
651 ## - SUBJECT ADDED ENTRY--GEOGRAPHIC NAME
Geographic name Bangladesh
Geographic subdivision Rajshahi
General subdivision Census, 1991
9 (RLIN) 191000
Geographic name Bangladesh
Geographic subdivision Rajshahi
General subdivision Population
Form subdivision Statistics
Chronological subdivision 1991
9 (RLIN) 191001
830 ## - SERIES ADDED ENTRY--UNIFORM TITLE
Uniform title Community series, Zila: Rajshahi
Uniform title কমিউনিটি সিরিজ, জেলা: রাজশাহী
942 ## - ADDED ENTRY ELEMENTS (KOHA)
Source of classification or shelving scheme Dewey Decimal Classification
Koha item type Rare Books
Holdings
Lost status Source of classification or shelving scheme Damaged status Not for loan Collection code Permanent Location Current Location Shelving location Date acquired Source of acquisition Cost, normal purchase price Total Checkouts Full call number Date last seen Copy number Koha item type
  Dewey Decimal Classification   Not For Loan Rare Books Central Library, University of Rajshahi Central Library, University of Rajshahi Rare Book Section 28/08/1993 Book Syndicate, Dhaka 400.00   RA 304.6095492021 RAS 1993(CS) 14/02/2017 C-1 Rare Books
  Dewey Decimal Classification   Not For Loan Rare Books Central Library, University of Rajshahi Central Library, University of Rajshahi Rare Book Section 26/01/1995 Dhaka, BBS     RA 304.6095492021 RAS 1993(CS) 14/02/2017 C-2 Rare Books
  Dewey Decimal Classification   Not For Loan Rare Books Central Library, University of Rajshahi Central Library, University of Rajshahi Rare Book Section 09/01/2008 Photocopy     RA 304.6095492021 RAS 1993(CS) 11/03/2021 C-3 Rare Books